LEADER 00643nab a2200169 i 4500 001 000000267352 003 CaOOAMICUS 005 20070926000000.0 008 070926n xx uu u0 0und r 013 $a11902 020 $a978-88-01-03860-6 040 $aSeMil$bita 245 12$aL'attesa del Signore. - Titolo dalla copertina. - In Allegato :$bCD. 500 $aLuglio-Agosto-Settembre 2007. 773 0 $t[2007].$dLeumann (Torino) : Elledici, copyr. 2007.$w()161097 996 $6020$a978-88-01-03860-6$9(OLS)http://semarc/number/267322 996 $6245$aL'attesa del Signore. - Titolo dalla copertina. - In Allegato :$bCD.$9(OLS)http://semarc/title/356005 LEADER 01289nam a2200265 i 4500 001 000000118042 003 CaOOAMICUS 005 20050926000000.0 008 050926s1985 it u000 u ita u 013 $a90735 040 $aSeMil$bita 245 10$aPrima dell'avanguardia :$bda Fattori a Modigliani /$ca cura di Raffaele Monti e Giuliano Matteucci ; con la collaborazione di Elisabetta Matucci. 260 $aFirenze :$bArtificio,$ccopyr. 1985. 300 $a191 p. :$briccamente ill. ;$c28 cm. 500 $aIn testa al front. : Incontri nella Bella Epoque. - Catalogo della Mostra tenuta a Tolosa nel 1986. - Fondo Ciprandi. 650 4$aPittura italiana - 1890-1920 - Esposizioni - Aosta-Tolosa - 1985-1986.$0(OLS)http://semarc/subject/21943 700 1 $aMonti, Raffaele.$0(OLS)http://semarc/name/36958 700 1 $aMatucci, Elisabetta.$0(OLS)http://semarc/name/49271 700 1 $aMatteucci, Giuliano.$0(OLS)http://semarc/name/49270 850 $aSeMil 852 $aSeMil$W1$xVenegono$y1$m5U VI 54$j73373$B73373$CSeMilBibl$Z2$F103379 $81 941 1 $a1 961 $aOmaggio: Ciprandi dott. Paolo 996 $6245$aPrima dell'avanguardia :$bda Fattori a Modigliani$9(OLS)http://semarc/title/173378 996 $6260$aFirenze :$bArtificio$9(OLS)http://semarc/publisher/44935